Phát tên lửa thứ ba Truyện vừa

שמור ב:
מידע ביבליוגרפי
מחבר ראשי: Bưcôp, Vaxin
פורמט: ספר
יצא לאור: [Long An] Tác phẩm mới Long An 1987
נושאים:
תגים: הוספת תג
אין תגיות, היה/י הראשונ/ה לתייג את הרשומה!
Thư viện lưu trữ: Trung tâm Học liệu Lê Vũ Hùng, Trường Đại học Đồng Tháp
LEADER 00793pam a22002298a 4500
001 00021050
005 20171026081023.0
008 110521s1987 ||||||Viesd
041 0 # |a Vie 
082 1 4 |a 843  |b PH110T 
100 0 # |a Bưcôp, Vaxin 
245 0 0 |a Phát tên lửa thứ ba  |b Truyện vừa  |c Vanxin Bưcôp, 
260 # # |a [Long An]  |b Tác phẩm mới Long An  |c 1987 
300 # # |a 162 tr.  |c 19 cm. 
653 # # |a Truyện vừa 
653 # # |a Văn học hiện đại 
653 # # |a Văn học Pháp 
852 # # |b Kho mượn  |j KM.0010800, KM.0010801 
852 # # |j KD.0006926  |j KM.0010800  |j KM.0010801 
852 # # |b Kho đọc  |j KD.0006926 
910 0 # |a Đức  |d 21/05/2011 
980 # # |a Trung tâm Học liệu Lê Vũ Hùng, Trường Đại học Đồng Tháp